Giáo trình nghiệp vụ xuất nhập khẩu : Dành cho sinh viên các trường đại học, cao đẳng khối kinh tế
Nội dung sách giới thiệu chi tiết các nghiệp vụ trong xuất nhập khẩu như: chính sách mặt hàng trong kinh doanh xuất nhập khẩu; điều kiện các doanh nghiệp tham gia hoạt động nhập khẩu, xuất khẩu; các phương thức thương mại cơ bản trong kinh d...
Sparad:
| Huvudupphovsman: | |
|---|---|
| Materialtyp: | Bok |
| Språk: | Undetermined |
| Publicerad: |
Hà Nội
Giáo dục Việt Nam
2012
|
| Ämnen: | |
| Taggar: |
Lägg till en tagg
Inga taggar, Lägg till första taggen!
|
| Thư viện lưu trữ: | Trung tâm Học liệu Trường Đại học Cần Thơ |
|---|
| LEADER | 01384nam a2200229Ia 4500 | ||
|---|---|---|---|
| 001 | CTU_207432 | ||
| 008 | 210402s9999 xx 000 0 und d | ||
| 020 | |c 55000 | ||
| 082 | |a 382.3 | ||
| 082 | |b V312 | ||
| 100 | |a Đàm, Quang Vinh | ||
| 245 | 0 | |a Giáo trình nghiệp vụ xuất nhập khẩu : | |
| 245 | 0 | |b Dành cho sinh viên các trường đại học, cao đẳng khối kinh tế | |
| 245 | 0 | |c Đàm Quang Vinh, Nguyễn Quang Huy | |
| 260 | |a Hà Nội | ||
| 260 | |b Giáo dục Việt Nam | ||
| 260 | |c 2012 | ||
| 520 | |a Nội dung sách giới thiệu chi tiết các nghiệp vụ trong xuất nhập khẩu như: chính sách mặt hàng trong kinh doanh xuất nhập khẩu; điều kiện các doanh nghiệp tham gia hoạt động nhập khẩu, xuất khẩu; các phương thức thương mại cơ bản trong kinh doanh quốc tế; hợp đồng xuấy nhập khẩu; intercomes 2000; thủ tục hải quan và các chứng từ thông dụng trong kinh doanh quốc tế. | ||
| 650 | |a Tariff,Foreign trade regulation,Biểu thuế,Quy đinh thương mại quốc tế | ||
| 650 | |x Law and legislation.,Luật pháp và pháp luật. | ||
| 904 | |i Qhieu | ||
| 980 | |a Trung tâm Học liệu Trường Đại học Cần Thơ | ||